|
|
|
|
| LEADER |
00000nab a2200000uu 4500 |
| 001 |
vtls011460380 |
| 003 |
SK-MaSNL |
| 005 |
20260303151544.0 |
| 008 |
230222|1974 xo |||||||||||||||||cze| |
| 015 |
|
|
|a SNBRB
|
| 035 |
|
|
|a (urnnbn)urn:nbn:sk:snk:ar-a0abw3
|
| 035 |
|
|
|a (uuid)ff2aee02-5705-45ad-bc1b-7118e8fdf5e1
|
| 035 |
|
|
|a urn:nbn:sk:snk-abcuar
|
| 040 |
|
|
|a SNKBUCL
|b slo
|c SNKBUCL
|e AACR2
|
| 041 |
0 |
|
|a cze
|
| 044 |
|
|
|a xo
|c SK
|
| 100 |
1 |
|
|a Quitt, Evžen
|4 aut
|9 310840
|
| 245 |
1 |
0 |
|a Podkrušnohoří, oblast s poškozeným životním prostředím
|c Evžen Quitt
|
| 773 |
0 |
|
|t Životné prostredie : revue pre teóriu a starostlivosť o životné prostredie
|g Roč. 8, č. 5 (1974), s. 232-235
|
| 958 |
|
|
|a OND
|
| 958 |
|
|
|a EUIPO
|
| 958 |
|
|
|a article16
|
| 999 |
|
|
|c 2018263
|d 2020193
|